000 00639nam a2200265Ia 4500
005 20260121172112.0
008 008 260114s9999 xx 000 0 eng d
020 _a9783030488932
037 _aEBOOK
040 _aCRL
040 _beng
040 _cCRL
041 _2eng
041 _aeng
084 _qCRL
100 _aGeorge Voskopoulos
_91084289
245 0 _aEuropean Union Security and Defence
260 _bSpringer
260 _bSpringer
260 _c2021
856 _uhttps://link.springer.com/openurl?genre=book&isbn=978-3-030-48893-2
942 _cEBOOK
999 _c1650023
_d1650023